00691nam a2200241 a 4500001001300000003000900013005001700022008004100039020002600080082001700106100001700123245002900140260003100169300000900200500003500209505001000244650001600254700001700270902000800287942000700295952013000302999001700432nice12345678IN_TiNIC20260116013920.0050524s1989 chia grp 000 0 eng  a0883473 c830.5500a230.092bBAC aBacik, James aContemporary Theologians aChicagobThomos Morec1989 a292p aincludes index and biblioraphy2 aIndex aTheologians1 aBacik, James bSRS cBK 001040708StackRoom-aHMIbHMId2008-04-18g830.55l1o230.092 BACp016817r2018-07-11s2018-07-04v830.55w2005-05-24yBK c13086d13086